[Event "Titled Tuesday intern op 15th Aug Late"]
[Site "Chess.com INT"]
[Date "2023.08.15"]
[Round "3"]
[White "Delorme, Laurie"]
[Black "Yanchenko, Roman"]
[Result "1-0"]
[WhiteElo "2063"]
[BlackElo "2466"]
[PlyCount "57"]
[EventDate "2023.08.15"]
[EventType "swiss (blitz)"]
[EventRounds "11"]
[EventCountry "USA"]
[SourceTitle "EXT 2024"]
[Source "ChessBase"]
[SourceDate "2023.10.10"]
[SourceVersion "1"]
[SourceVersionDate "2023.10.10"]
[SourceQuality "1"]

1. e4 e6 2. d4 d5 3. Nc3 Bb4 4. e5 Ne7 5. Qg4 0-0 6. Bd3 Nf5 7. Nf3 Kh8 8. h4 b6 9. a3 Bxc3+ 10. bxc3 Qd7 11. h5 h6 12. Qf4 Ba6 13. g4 Bxd3 14. cxd3 Ne7 15. Qg3 c5 16. Qh4 Nbc6 17. Bxh6 gxh6 18. Qf6+ Kh7 19. g5 Nf5 20. Nh4 Qe7 21. g6+ fxg6 22. Qxg6+ Kh8 23. Nxf5 Rxf5 24. Qxh6+ Qh7 25. Qxe6 Ne7 26. 0-0-0 cxd4 27. c4 dxc4 28. Rhg1 cxd3 29. h6 1-0

[Event "FRA-chT Top 16 Gp Basse"]
[Site "Chartres"]
[Date "2023.06.08"]
[Round "1.4"]
[White "Delorme, Laurie"]
[Black "Lam, Sophie"]
[Result "0-1"]
[WhiteElo "2086"]
[BlackElo "2076"]
[PlyCount "140"]
[EventDate "2023.06.08"]
[EventType "team-tourn"]
[EventRounds "4"]
[EventCountry "FRA"]
[SourceTitle "CBM 214 Extra"]
[Source "ChessBase"]
[SourceDate "2023.07.31"]
[SourceVersion "1"]
[SourceVersionDate "2023.07.31"]
[SourceQuality "1"]
[WhiteTeam "Marseille"]
[BlackTeam "Cappelle la Grande"]
[WhiteTeamCountry "FRA"]
[BlackTeamCountry "FRA"]

1. d4 d6 2. c4 e5 3. Nf3 e4 4. Ng5 f5 5. Nc3 Nf6 6. e3 Be7 7. Nh3 c6 8. Nf4 0-0 9. h4 Na6 10. Be2 Nc7 11. h5 Ne6 12. d5 Ng5 13. b3 Nf7 14. Bb2 Ne5 15. Qd2 Nfg4 16. dxc6 bxc6 17. Rd1 Rb8 18. Kf1 Qb6 19. Na4 Qc7 20. f3 Nh6 21. Qd4 Nhf7 22. Kf2 Bd7 23. Nc3 Bf6 24. Qd2 exf3 25. gxf3 Rbe8 26. b4 Bg5 27. Kg2 Qb8 28. a3 Qd8 29. b5 Bh6 30. Rdg1 Qb8 31. a4 Kh8 32. Qd4 Nd8 33. Rd1 Rf6 34. Kf2 Ne6 35. Nxe6 Rexe6 36. f4 Ng4+ 37. Bxg4 fxg4 38. Ne4 Rf8 39. Ng3 Ref6 40. Kg2 cxb5 41. axb5 a6 42. Ne4 Re6 43. Ng5 Ref6 44. Ne4 Re6 45. Ng5 Qa8+ 46. e4 Ref6 47. Qd5 Qxd5 48. Rxd5 Rxf4 49. Bd4 axb5 50. cxb5 Bc8 51. Rc1 Bb7 52. Rc6 Re8 53. Rcxd6 Bxd5 54. Rxd5 Kg8 55. Kg3 Bxg5 56. Rxg5 Rexe4 57. Bxg7 Kf7 58. Bh8 Rf3+ 59. Kg2 Re2+ 60. Kg1 Rb3 61. Rf5+ Kg8 62. h6 Rb1+ 63. Rf1 Rxf1+ 64. Kxf1 Re3 65. Bd4 Rb3 66. b6 Kf7 67. Kf2 Kg6 68. Be3 g3+ 69. Kf3 g2 70. b7 Rxe3+ 0-1

[Event "FRA-ch (Women)"]
[Site "Albi"]
[Date "2022.08.12"]
[Round "1.1"]
[White "Guichard, Pauline"]
[Black "Delorme, Laurie"]
[Result "1-0"]
[WhiteElo "2379"]
[BlackElo "2046"]
[PlyCount "67"]
[EventDate "2022.08.12"]
[EventType "k.o."]
[EventRounds "4"]
[EventCountry "FRA"]
[SourceTitle "CBM 209 Extra"]
[Source "ChessBase"]
[SourceDate "2022.09.30"]
[SourceVersion "1"]
[SourceVersionDate "2022.09.30"]
[SourceQuality "1"]

1. d4 d5 2. c4 dxc4 3. e3 e5 4. Bxc4 exd4 5. exd4 Nf6 6. Qb3 Qe7+ 7. Ne2 Nbd7 8. 0-0 Nb6 9. Nbc3 Nxc4 10. Qxc4 Qb4 11. Qd3 Bd7 12. a3 Qb6 13. d5 0-0-0 14. Be3 Bc5 15. Bxc5 Qxc5 16. Rac1 Qd6 17. Ng3 Kb8 18. f3 a6 19. Kh1 Bb5 20. Nxb5 axb5 21. Qxb5 Qxd5 22. Qa4 h5 23. Ne2 Qd7 24. Qa5 Rh6 25. Nc3 Ne8 26. Rcd1 Nd6 27. Nb5 Qc6 28. Qa7+ Kc8 29. Nxc7 Qxc7 30. Rc1 Nc4 31. b3 Rc6 32. bxc4 Rxc4 33. Qa8+ Kd7 34. Rcd1+ 1-0

[Event "Women's Day Play Magnus"]
[Site "chess24.com INT"]
[Date "2021.03.07"]
[Round "5.2"]
[White "Delorme, Laurie"]
[Black "Fernandez, Maria Florencia"]
[Result "1-0"]
[WhiteElo "2117"]
[BlackElo "2229"]
[PlyCount "107"]
[EventDate "2021.03.07"]
[EventType "team-tourn (blitz)"]
[EventRounds "7"]
[EventCountry "GER"]
[SourceTitle "CBM 201 Extra"]
[Source "ChessBase"]
[SourceDate "2021.05.31"]
[SourceVersion "1"]
[SourceVersionDate "2021.05.31"]
[SourceQuality "1"]
[WhiteTeam "France chess24"]
[BlackTeam "Brazil chess24"]
[WhiteTeamCountry "FRA"]
[BlackTeamCountry "BRA"]

1. d4 Nf6 2. c4 g6 3. Nc3 Bg7 4. e4 d6 5. Bd3 0-0 6. Nge2 e5 7. d5 c6 8. 0-0 cxd5 9. cxd5 Nbd7 10. Bc2 a5 11. Nb5 Nc5 12. Nec3 Qb6 13. Na3 Bg4 14. Qe1 Qb4 15. f3 Bd7 16. Kh1 Nh5 17. Rb1 Nf4 18. Qe3 f5 19. g3 Nh5 20. Bd2 Qb6 21. Nc4 Qc7 22. b3 f4 23. Qe1 Rad8 24. Kg2 Bc8 25. g4 Nf6 26. h3 Nfd7 27. a3 Nb6 28. Qe2 Nxc4 29. Qxc4 Qb8 30. b4 axb4 31. axb4 Nd7 32. Nb5 Nb6 33. Qc7 Qxc7 34. Nxc7 Bd7 35. Bd3 Rc8 36. Nb5 Bxb5 37. Bxb5 Rc2 38. Rf2 Rfc8 39. Bd3 R2c7 40. Be1 Nc4 41. Re2 Ne3+ 42. Rxe3 Bf8 43. Kf1 fxe3 44. Ke2 Be7 45. Kxe3 Bf6 46. Ke2 Rd7 47. Bf2 Rcd8 48. Be3 Re7 49. g5 Bg7 50. h4 Rf7 51. h5 Rff8 52. h6 Rf7 53. hxg7 Re7 54. Rc1 1-0

[Event "Women's Day Play Magnus"]
[Site "chess24.com INT"]
[Date "2021.03.07"]
[Round "7.1"]
[White "Delorme, Laurie"]
[Black "Perera Borrego, Mariela"]
[Result "1-0"]
[WhiteElo "2117"]
[BlackElo "2142"]
[PlyCount "127"]
[EventDate "2021.03.07"]
[EventType "team-tourn (blitz)"]
[EventRounds "7"]
[EventCountry "GER"]
[SourceTitle "CBM 201 Extra"]
[Source "ChessBase"]
[SourceDate "2021.05.31"]
[SourceVersion "1"]
[SourceVersionDate "2021.05.31"]
[SourceQuality "1"]
[WhiteTeam "France chess24"]
[BlackTeam "Spain chess24"]
[WhiteTeamCountry "FRA"]
[BlackTeamCountry "ESP"]

1. d4 e6 2. c4 Nf6 3. g3 d5 4. Bg2 Be7 5. Nf3 0-0 6. 0-0 b6 7. Nc3 Bb7 8. Ne5 Qc8 9. cxd5 exd5 10. Bf4 Nbd7 11. Rc1 a6 12. Qb3 c5 13. Nxd5 Nxd5 14. Bxd5 Bxd5 15. Qxd5 Nf6 16. Qb3 Qh3 17. dxc5 Bxc5 18. Qf3 Rfe8 19. Qg2 Qxg2+ 20. Kxg2 Nd5 21. Nd3 Nxf4+ 22. Nxf4 Rad8 23. Rc2 Kf8 24. Nd3 Bd4 25. b3 f5 26. Nb4 Ra8 27. Nd3 a5 28. Rfc1 Red8 29. Rc7 a4 30. Nf4 Be5 31. Ne6+ Kg8 32. Nxd8 Bxc7 33. Rxc7 Rxd8 34. Rb7 Rd2 35. bxa4 Rxa2 36. Rxb6 Rxa4 37. Rb7 Ra5 38. e3 h6 39. h4 Kh7 40. h5 Kg8 41. Kf3 Kf8 42. Kf4 Kg8 43. Rb8+ Kf7 44. Rb7+ Kf6 45. Rb6+ Kf7 46. f3 Ra4+ 47. e4 fxe4 48. fxe4 Ra2 49. Rg6 Kg8 50. e5 Kh7 51. Kf5 Rf2+ 52. Ke6 Re2 53. Kd6 Rd2+ 54. Ke7 Re2 55. e6 Rf2 56. Kd8 Rd2+ 57. Ke7 Re2 58. Kd7 Rd2+ 59. Kc6 Re2 60. Kd6 Rxe6+ 61. Kxe6 Kg8 62. Rg4 Kf8 63. Rc4 g6 64. Rc7 1-0

[Event "Women's Day Play Magnus"]
[Site "chess24.com INT"]
[Date "2021.03.07"]
[Round "6.2"]
[White "Huttl, Sofie"]
[Black "Delorme, Laurie"]
[Result "1-0"]
[WhiteElo "1793"]
[BlackElo "2117"]
[PlyCount "83"]
[EventDate "2021.03.07"]
[EventType "team-tourn (blitz)"]
[EventRounds "7"]
[EventCountry "GER"]
[SourceTitle "CBM 201 Extra"]
[Source "ChessBase"]
[SourceDate "2021.05.31"]
[SourceVersion "1"]
[SourceVersionDate "2021.05.31"]
[SourceQuality "1"]
[WhiteTeam "CoChess #1"]
[BlackTeam "France chess24"]
[WhiteTeamCountry "RUS"]
[BlackTeamCountry "FRA"]

1. e4 e5 2. Nf3 Nc6 3. Bc4 Nf6 4. d3 Be7 5. c3 0-0 6. Bb3 d6 7. Nbd2 Na5 8. Bc2 c5 9. Nf1 Nc6 10. Ng3 Re8 11. 0-0 Be6 12. d4 cxd4 13. cxd4 Nxd4 14. Nxd4 exd4 15. Qxd4 Nd7 16. Bf4 Nc5 17. b4 Na6 18. Qd2 Rc8 19. Ba4 Bd7 20. Bb3 Bf6 21. Rad1 Be6 22. Bxe6 Rxe6 23. Bxd6 Bc3 24. Qd5 Qe8 25. Qxb7 Rxd6 26. Rxd6 Nxb4 27. Rd7 Nc6 28. Rc1 Ne5 29. Re7 Qf8 30. Ne2 Ng6 31. Rxc3 Nxe7 32. Rxc8 Nxc8 33. Nd4 Qd8 34. Qd5 Qe8 35. f3 Nb6 36. Qb3 h6 37. Kf2 Qd8 38. Ke3 Nd7 39. Qd3 Qc8 40. Qc2 Ne5 41. Qxc8+ Kh7 42. Qf5+ 1-0

[Event "Women's Day Play Magnus"]
[Site "chess24.com INT"]
[Date "2021.03.07"]
[Round "4.1"]
[White "Keetman, Maaike"]
[Black "Delorme, Laurie"]
[Result "0-1"]
[WhiteElo "2169"]
[BlackElo "2117"]
[PlyCount "94"]
[EventDate "2021.03.07"]
[EventType "team-tourn (blitz)"]
[EventRounds "7"]
[EventCountry "GER"]
[SourceTitle "CBM 201 Extra"]
[Source "ChessBase"]
[SourceDate "2021.05.31"]
[SourceVersion "1"]
[SourceVersionDate "2021.05.31"]
[SourceQuality "1"]
[WhiteTeam "Chessable #1"]
[BlackTeam "France chess24"]
[WhiteTeamCountry "ROU"]
[BlackTeamCountry "FRA"]

1. e4 e5 2. Nf3 Nc6 3. Bb5 a6 4. Ba4 Nf6 5. d3 b5 6. Bb3 Be7 7. a4 Bb7 8. Nc3 b4 9. Nd5 d6 10. Nxe7 Nxe7 11. 0-0 Ng6 12. g3 0-0 13. c3 d5 14. exd5 Nxd5 15. c4 Nde7 16. Re1 f6 17. Qe2 c5 18. a5 Qc7 19. Be3 Qc6 20. Bd1 Nf5 21. h4 Rae8 22. Kh2 Nd4 23. Bxd4 exd4 24. Qd2 Rxe1 25. Qxe1 Ne5 26. Qe4 Qxe4 27. dxe4 Bxe4 28. Nxe5 fxe5 29. Kg1 Bd3 30. b3 e4 31. Bg4 Kf7 32. Re1 g6 33. Bd7 Rd8 34. Bc6 Bc2 35. Bxe4 Bxe4 36. Rxe4 d3 37. Re1 d2 38. Rd1 Rd3 39. Kf1 Rxb3 40. Rxd2 Rc3 41. Rd6 Rxc4 42. Rxa6 b3 43. Rb6 Rb4 44. Rxb4 cxb4 45. a6 b2 46. a7 b1Q+ 47. Kg2 Qa2 0-1

[Event "Paleochora op 11th"]
[Site "Paleochora"]
[Date "2018.07.25"]
[Round "9"]
[White "Loshkarev, Dmitri"]
[Black "Delorme, Laurie"]
[Result "1/2-1/2"]
[WhiteElo "2060"]
[BlackElo "2166"]
[PlyCount "136"]
[EventDate "2018.07.18"]
[EventType "swiss"]
[EventRounds "9"]
[EventCountry "GRE"]
[SourceTitle "CBM 186 Extra"]
[Source "ChessBase"]
[SourceDate "2018.08.24"]
[SourceVersion "1"]
[SourceVersionDate "2018.08.24"]
[SourceQuality "1"]

1. e4 e5 2. Nc3 Nf6 3. Bc4 Nc6 4. d3 Bb4 5. Nge2 d5 6. exd5 Nxd5 7. 0-0 Be6 8. Bb3 0-0 9. Ne4 Be7 10. f4 exf4 11. Nxf4 Nxf4 12. Rxf4 Nd4 13. Bxe6 Nxe6 14. Rf1 f5 15. Ng3 g6 16. c3 Qd5 17. Qf3 Rad8 18. Qxd5 Rxd5 19. Re1 Kf7 20. d4 c5 21. dxc5 Nxc5 22. Bh6 Rfd8 23. Rxe7+ Kxe7 24. Bg5+ Kf7 25. Bxd8 Rxd8 26. Nf1 Na4 27. c4 b6 28. b3 Nc3 29. Kf2 Re8 30. Ne3 Re5 31. Kf3 g5 32. Nd5 Nxd5 33. cxd5 Rxd5 34. Rc1 Rc5 35. Rd1 Rc3+ 36. Kf2 Rc2+ 37. Kg1 Rxa2 38. Rd7+ Kg6 39. b4 Rb2 40. Rd6+ Kh5 41. Rd7 h6 42. h3 Rxb4 43. Rxa7 Rb2 44. Rf7 Kg6 45. Rf8 b5 46. Rc8 g4 47. hxg4 fxg4 48. Kh2 h5 49. Kg3 b4 50. Rc6+ Kf5 51. Rc5+ Ke4 52. Rxh5 b3 53. Rb5 Kd4 54. Rb8 Kc3 55. Rc8+ Kd2 56. Kxg4 Rc2 57. Rb8 b2 58. Kf5 Rc5+ 59. Kf4 Rc4+ 60. Kf5 Kc3 61. Rxb2 Kxb2 62. g4 Kc3 63. g5 Kd4 64. g6 Rc1 65. g7 Rg1 66. Kf6 Kd5 67. Kf7 Rf1+ 68. Ke7 Rg1 1/2-1/2

[Event "FRA-ch (Women)"]
[Site "Nimes"]
[Date "2014.08.26"]
[Round "9"]
[White "Delorme, Laurie"]
[Black "Bollengier, Andreea"]
[Result "0-1"]
[WhiteElo "2151"]
[BlackElo "2236"]
[PlyCount "65"]
[EventDate "2014.08.17"]
[EventType "tourn"]
[EventRounds "11"]
[EventCountry "FRA"]
[EventCategory "1"]
[SourceTitle "CBM 162 Extra"]
[Source "ChessBase"]
[SourceDate "2014.10.17"]
[SourceVersion "1"]
[SourceVersionDate "2014.10.17"]
[SourceQuality "1"]

1. d4 Nf6 2. c4 e6 3. Nf3 b6 4. g3 Ba6 5. b3 Bb4+ 6. Bd2 Be7 7. Bg2 d5 8. Bc3 0-0 9. Ne5 c5 10. cxd5 exd5 11. 0-0 Bb7 12. Nd2 Na6 13. dxc5 Nxc5 14. Ndf3 Rc8 15. Bh3 Rc7 16. Nd4 Nce4 17. Bb2 Bb4 18. a3 Bc3 19. Bxc3 Nxc3 20. Qd3 Re8 21. Ng4 Bc8 22. f3 Nxg4 23. Bxg4 Bxg4 24. fxg4 Re4 25. Rf4 Qe7 26. Nf5 Nxe2+ 27. Kf1 Qf6 28. Rxe4 dxe4 29. Qd1 Nc3 30. Rc1 Nxd1 31. Rxc7 h5 32. Rc6 Qb2 33. Ke1 0-1

[Event "FRA-ch (Women)"]
[Site "Nancy"]
[Date "2013.08.20"]
[Round "9"]
[White "Maisuradze, Nino"]
[Black "Delorme, Laurie"]
[Result "1-0"]
[WhiteElo "2288"]
[BlackElo "2183"]
[PlyCount "89"]
[EventDate "2013.08.11"]
[EventType "tourn"]
[EventRounds "11"]
[EventCountry "FRA"]
[SourceTitle "CBM 156 Extra"]
[Source "ChessBase"]
[SourceDate "2013.10.22"]
[SourceVersion "1"]
[SourceVersionDate "2013.10.22"]
[SourceQuality "1"]

1. d4 d5 2. Nf3 Nf6 3. Bg5 e6 4. e3 c6 5. Bd3 Nbd7 6. 0-0 Be7 7. Nbd2 0-0 8. c3 c5 9. Qc2 h6 10. Bh4 b6 11. Rad1 Bb7 12. Rfe1 Rc8 13. h3 Ne8 14. Bg3 Bd6 15. Nf1 Bxg3 16. Nxg3 Nd6 17. Ne5 c4 18. Be2 f6 19. Ng6 Rf7 20. Bh5 Nf8 21. Ne2 Nxg6 22. Bxg6 Re7 23. Nf4 f5 24. h4 Bc6 25. f3 Be8 26. e4 fxe4 27. fxe4 Bxg6 28. Nxg6 Rf7 29. exd5 exd5 30. Rf1 Ne4 31. Qe2 Rf6 32. Qg4 Rcc6 33. h5 Qe8 34. Rde1 Rxf1+ 35. Rxf1 Nf6 36. Qf3 Re6 37. Rf2 Re1+ 38. Kh2 Re3 39. Qf5 Re4 40. Rf4 Re2 41. b3 b5 42. bxc4 bxc4 43. Qb1 Qc8 44. Qb4 Qc7 45. Qf8+ 1-0

[Event "FRA-ch (Women)"]
[Site "Nancy"]
[Date "2013.08.19"]
[Round "8"]
[White "Delorme, Laurie"]
[Black "Richard, Emma"]
[Result "1/2-1/2"]
[WhiteElo "2183"]
[BlackElo "2108"]
[PlyCount "80"]
[EventDate "2013.08.11"]
[EventType "tourn"]
[EventRounds "11"]
[EventCountry "FRA"]
[SourceTitle "CBM 156 Extra"]
[Source "ChessBase"]
[SourceDate "2013.10.22"]
[SourceVersion "1"]
[SourceVersionDate "2013.10.22"]
[SourceQuality "1"]

1. d4 Nf6 2. c4 e6 3. g3 Bb4+ 4. Bd2 Be7 5. Bg2 d5 6. Nc3 b6 7. Nf3 Bb7 8. Ne5 0-0 9. 0-0 Nbd7 10. Bf4 c6 11. Re1 Nxe5 12. dxe5 Nd7 13. cxd5 cxd5 14. e4 d4 15. Qxd4 Nc5 16. Rad1 Qxd4 17. Rxd4 Rfd8 18. Rxd8+ Rxd8 19. Bf1 Nd3 20. Bxd3 Rxd3 21. Re2 Bb4 22. Rd2 Rxd2 23. Bxd2 Bxc3 24. Bxc3 Bxe4 25. Bb4 f6 26. exf6 gxf6 27. Kf1 Kf7 28. Ke2 Kg6 29. Ke3 Bd5 30. a3 Kf5 31. f3 h5 32. Bd6 e5 33. Bb8 a6 34. Bc7 b5 35. b4 Ke6 36. Bb6 f5 37. Bc5 Bc4 38. Bf8 Kd5 39. h3 Bf1 40. h4 Bc4 1/2-1/2

[Event "FRA-ch (Women)"]
[Site "Nancy"]
[Date "2013.08.17"]
[Round "6"]
[White "Delorme, Laurie"]
[Black "Alexieva, Silvia"]
[Result "1/2-1/2"]
[WhiteElo "2183"]
[BlackElo "2286"]
[PlyCount "84"]
[EventDate "2013.08.11"]
[EventType "tourn"]
[EventRounds "11"]
[EventCountry "FRA"]
[SourceTitle "CBM 156 Extra"]
[Source "ChessBase"]
[SourceDate "2013.10.22"]
[SourceVersion "1"]
[SourceVersionDate "2013.10.22"]
[SourceQuality "1"]

1. d4 Nf6 2. c4 e6 3. Nc3 Bb4 4. Bg5 h6 5. Bh4 c5 6. d5 b5 7. e4 d6 8. Bd3 exd5 9. exd5 0-0 10. Nge2 bxc4 11. Bxc4 Ba6 12. Bxa6 Nxa6 13. 0-0 Re8 14. a3 Bxc3 15. Nxc3 Rb8 16. Rb1 Nc7 17. Qf3 Rb3 18. Qd1 Rb7 19. Qd3 a5 20. Qc4 Qe7 21. b4 axb4 22. axb4 cxb4 23. Rxb4 Rxb4 24. Qxb4 Ncxd5 25. Nxd5 Nxd5 26. Bxe7 Nxb4 27. Bxd6 Nd3 28. Bg3 f5 29. f4 Re4 30. Rf3 Rd4 31. Bf2 Nxf2 32. Kxf2 Kf7 33. h3 Kf6 34. g3 Rd2+ 35. Ke3 Rh2 36. h4 Ra2 37. Kd4 Kg6 38. Re3 Kh5 39. Ke5 Kg4 40. Ke6 Ra7 41. Rb3 h5 42. Rc3 g6 1/2-1/2

[Event "FRA-ch (Women)"]
[Site "Nancy"]
[Date "2013.08.13"]
[Round "3"]
[White "Navrotescu, Andreea Cristiana"]
[Black "Delorme, Laurie"]
[Result "0-1"]
[WhiteElo "2110"]
[BlackElo "2183"]
[PlyCount "132"]
[EventDate "2013.08.11"]
[EventType "tourn"]
[EventRounds "11"]
[EventCountry "FRA"]
[SourceTitle "CBM 156 Extra"]
[Source "ChessBase"]
[SourceDate "2013.10.22"]
[SourceVersion "1"]
[SourceVersionDate "2013.10.22"]
[SourceQuality "1"]

1. d4 Nf6 2. c4 g6 3. Nf3 Bg7 4. g3 d6 5. Bg2 0-0 6. 0-0 Na6 7. Nc3 c5 8. e4 cxd4 9. Nxd4 Nd7 10. b3 Ne5 11. h3 Nc6 12. Be3 Nab4 13. Nce2 Bd7 14. Qd2 Rb8 15. Rad1 a6 16. Nxc6 Nxc6 17. c5 dxc5 18. Bxc5 Be6 19. Qxd8 Rbxd8 20. Nf4 Bc8 21. Nd5 Rd7 22. f4 f6 23. Rf2 Re8 24. Rfd2 Kf7 25. Bf1 Bf8 26. Nb6 Rxd2 27. Rxd2 Be6 28. Kf2 Bg7 29. b4 f5 30. e5 g5 31. a4 gxf4 32. gxf4 Bh6 33. Be3 Nxb4 34. Rb2 Nd5 35. Nxd5 Bxd5 36. Be2 Rc8 37. Bh5+ Ke6 38. a5 Kd7 39. Be2 e6 40. Rd2 Ke7 41. Rb2 Rc3 42. h4 Kd7 43. Bd1 Ra3 44. Bd2 Bf8 45. Rc2 Be7 46. h5 Bh4+ 47. Kf1 Bd8 48. Rc5 Ra1 49. Ke2 Ra2 50. Rc2 Ra1 51. Rc5 Be7 52. Rc1 Rxc1 53. Bxc1 Bb4 54. Bd2 Bxd2 55. Kxd2 h6 56. Ba4+ Kc7 57. Ke3 b6 58. axb6+ Kxb6 59. Kd4 a5 60. Bd7 Kc7 61. Be8 Bc6 62. Bf7 Bd7 63. Kc5 a4 64. Kb4 Kb6 65. Bg8 a3 66. Kxa3 Kc5 0-1

[Event "Creon op 17th"]
[Site "Creon"]
[Date "2012.08.02"]
[Round "5"]
[White "Delorme, Laurie"]
[Black "Santos Latasa, Jaime"]
[Result "0-1"]
[WhiteElo "2171"]
[BlackElo "2399"]
[PlyCount "54"]
[EventDate "2012.07.30"]
[EventType "swiss"]
[EventRounds "9"]
[EventCountry "FRA"]
[SourceTitle "CBM 149 Extra"]
[Source "ChessBase"]
[SourceDate "2012.08.24"]
[SourceVersion "1"]
[SourceVersionDate "2012.08.24"]
[SourceQuality "1"]

1. d4 d5 2. Nf3 Nf6 3. c4 e6 4. Nc3 c6 5. e3 Nbd7 6. Qc2 Bd6 7. Bd3 0-0 8. 0-0 dxc4 9. Bxc4 b5 10. Be2 Bb7 11. Rd1 Qe7 12. e4 e5 13. Bg5 Rad8 14. d5 b4 15. dxc6 Bxc6 16. Nd5 Bxd5 17. Rxd5 h6 18. Qc6 hxg5 19. Qxd6 Nxd5 20. Qxd5 g4 21. Ne1 Nf6 22. Qc6 Rc8 23. Qb5 Qc5 24. Qxc5 Rxc5 25. Nd3 Rc2 26. Re1 Rd8 27. Nxe5 Rxe2 0-1

[Event "Vaujany op 3rd"]
[Site "Vaujany"]
[Date "2012.07.20"]
[Round "9"]
[White "Delorme, Laurie"]
[Black "Gozzoli, Yannick"]
[Result "0-1"]
[WhiteElo "2171"]
[BlackElo "2547"]
[PlyCount "46"]
[EventDate "2012.07.12"]
[EventType "swiss"]
[EventRounds "9"]
[EventCountry "FRA"]
[SourceTitle "CBM 149 Extra"]
[Source "ChessBase"]
[SourceDate "2012.08.24"]
[SourceVersion "1"]
[SourceVersionDate "2012.08.24"]
[SourceQuality "1"]

1. d4 Nf6 2. c4 g6 3. Nf3 Bg7 4. Nc3 d5 5. g3 0-0 6. Bg2 dxc4 7. 0-0 c6 8. e4 Bg4 9. Be3 Nbd7 10. a4 e5 11. dxe5 Bxf3 12. Bxf3 Nxe5 13. Bg2 Qxd1 14. Rfxd1 Nd3 15. Rd2 Ng4 16. Nd1 Nxe3 17. Nxe3 Nxb2 18. Rb1 c3 19. Rd7 Rab8 20. a5 Rfd8 21. Bh3 Rxd7 22. Bxd7 Rd8 23. Bg4 Rd4 0-1

[Event "Vaujany op 3rd"]
[Site "Vaujany"]
[Date "2012.07.17"]
[Round "6"]
[White "Di Nicolantonio, Lucas"]
[Black "Delorme, Laurie"]
[Result "1-0"]
[WhiteElo "2321"]
[BlackElo "2171"]
[PlyCount "89"]
[EventDate "2012.07.12"]
[EventType "swiss"]
[EventRounds "9"]
[EventCountry "FRA"]
[SourceTitle "CBM 149 Extra"]
[Source "ChessBase"]
[SourceDate "2012.08.24"]
[SourceVersion "1"]
[SourceVersionDate "2012.08.24"]
[SourceQuality "1"]

1. d4 Nf6 2. Nf3 e6 3. c4 Bb4+ 4. Bd2 Qe7 5. g3 Nc6 6. Bg2 Bxd2+ 7. Nbxd2 d5 8. 0-0 0-0 9. Qc2 e5 10. cxd5 Nxd5 11. Nxe5 Nxe5 12. Bxd5 Rd8 13. Qe4 Ng6 14. Nb3 Qb4 15. Qf3 Nh8 16. Rac1 c6 17. Bc4 a5 18. Qc3 Ng6 19. e4 Qe7 20. Rfe1 a4 21. Na1 b5 22. Bf1 Be6 23. Nc2 Qa7 24. Red1 Bxa2 25. Nb4 Bb3 26. Nxc6 Qb6 27. Nxd8 Bxd1 28. Rxd1 Rxd8 29. Qb4 Qc6 30. d5 Qc2 31. Rd2 Qc1 32. Qa5 Rf8 33. Kg2 Ne5 34. Bxb5 f5 35. exf5 Rxf5 36. Qc3 Qe1 37. Qc8+ Rf8 38. Qe6+ Kh8 39. Re2 Qb4 40. Qxe5 Qxb5 41. h4 h6 42. d6 Qc6+ 43. Kh2 Qb6 44. Kg1 Qc6 45. Qe7 1-0

[Event "FRA-chT Top 12"]
[Site "Belfort"]
[Date "2012.06.10"]
[Round "11.8"]
[White "Delorme, Laurie"]
[Black "Fruteau, Sabine"]
[Result "1-0"]
[WhiteElo "2236"]
[BlackElo "2127"]
[PlyCount "81"]
[EventDate "2012.05.31"]
[EventType "team-tourn"]
[EventRounds "11"]
[EventCountry "FRA"]
[SourceTitle "CBM 148 Extra"]
[Source "ChessBase"]
[SourceDate "2012.06.22"]
[SourceVersion "1"]
[SourceVersionDate "2012.06.22"]
[SourceQuality "1"]
[WhiteTeam "Marseille Echecs"]
[BlackTeam "Deauville"]
[WhiteTeamCountry "FRA"]
[BlackTeamCountry "FRA"]

1. d4 Nf6 2. c4 e6 3. Nf3 Bb4+ 4. Bd2 Qe7 5. g3 b6 6. Bg2 Bb7 7. 0-0 Bxd2 8. Qxd2 0-0 9. Nc3 d6 10. Qc2 a5 11. e4 e5 12. Rfe1 Na6 13. Rad1 c6 14. a3 Rfc8 15. Bh3 Re8 16. c5 bxc5 17. dxe5 dxe5 18. Na4 Bc8 19. Bxc8 Raxc8 20. Nb6 Rb8 21. Nc4 Qc7 22. Rd6 Rb5 23. Red1 Nb8 24. Qd3 Rf8 25. Nfxe5 Ne8 26. Rd8 a4 27. Qf3 Rb3 28. Qf5 g6 29. Qh3 Qe7 30. Qc8 Kg7 31. Nxc6 Nxc6 32. Qxc6 Nf6 33. Rxf8 Kxf8 34. e5 Nh5 35. Qxa4 Rb8 36. Qd7 Ng7 37. Qc6 Ne6 38. Rd7 Qg5 39. Qd6+ Kg7 40. Qxe6 Rf8 41. Nd6 1-0

[Event "FRA-chT Top 12"]
[Site "Belfort"]
[Date "2012.06.06"]
[Round "7.8"]
[White "Delorme, Laurie"]
[Black "Benmesbah, Natacha"]
[Result "0-1"]
[WhiteElo "2236"]
[BlackElo "2208"]
[PlyCount "80"]
[EventDate "2012.05.31"]
[EventType "team-tourn"]
[EventRounds "11"]
[EventCountry "FRA"]
[SourceTitle "CBM 148 Extra"]
[Source "ChessBase"]
[SourceDate "2012.06.22"]
[SourceVersion "1"]
[SourceVersionDate "2012.06.22"]
[SourceQuality "1"]
[WhiteTeam "Marseille Echecs"]
[BlackTeam "Chalons en Champagne"]
[WhiteTeamCountry "FRA"]
[BlackTeamCountry "FRA"]

1. d4 Nf6 2. c4 c5 3. d5 e6 4. Nc3 exd5 5. cxd5 d6 6. Nf3 g6 7. Bf4 a6 8. e4 Bg7 9. Qa4+ Bd7 10. Qb3 Bc8 11. a4 0-0 12. Be2 Qe7 13. Nd2 Nbd7 14. 0-0 Ne8 15. Rae1 Ne5 16. Nc4 Rb8 17. a5 Nxc4 18. Bxc4 b5 19. axb6 Qd8 20. Na4 Bd7 21. Re2 Bxa4 22. Qxa4 Rxb6 23. Bxa6 Rb4 24. Qa2 Qb6 25. Bc4 Bxb2 26. Bd2 Bd4 27. Bxb4 cxb4 28. Qa6 Qxa6 29. Bxa6 Nf6 30. Bd3 b3 31. Rb1 Rb8 32. Rbb2 Bxb2 33. Rxb2 Nd7 34. f3 Nc5 35. Be2 Na4 36. Rd2 b2 37. Bd3 Rb3 38. Bb1 Rc3 39. Kf2 Rc1 40. Bd3 Nc5 0-1

[Event "FRA-chT Top 12"]
[Site "Belfort"]
[Date "2012.06.04"]
[Round "5.8"]
[White "Delorme, Laurie"]
[Black "Forestier, Carole"]
[Result "1-0"]
[WhiteElo "2236"]
[BlackElo "2096"]
[PlyCount "69"]
[EventDate "2012.05.31"]
[EventType "team-tourn"]
[EventRounds "11"]
[EventCountry "FRA"]
[SourceTitle "CBM 148 Extra"]
[Source "ChessBase"]
[SourceDate "2012.06.22"]
[SourceVersion "1"]
[SourceVersionDate "2012.06.22"]
[SourceQuality "1"]
[WhiteTeam "Marseille Echecs"]
[BlackTeam "Grasse"]
[WhiteTeamCountry "FRA"]
[BlackTeamCountry "FRA"]

1. d4 d5 2. c4 e6 3. Nc3 Nf6 4. Nf3 c6 5. Bg5 Nbd7 6. cxd5 exd5 7. e3 Be7 8. Bd3 0-0 9. Qc2 Re8 10. 0-0 Nf8 11. Rae1 Ne4 12. Bxe7 Qxe7 13. Bxe4 dxe4 14. Nd2 f5 15. f3 exf3 16. Nxf3 Be6 17. e4 fxe4 18. Nxe4 Qb4 19. a3 Qb6 20. Nd6 Red8 21. Nc4 Qb5 22. b3 Qf5 23. Qd2 Qb5 24. Qc3 Qh5 25. Re5 Qg6 26. Ng5 Bd5 27. Ne3 h6 28. Nf3 Bf7 29. Nh4 Qh7 30. Rxf7 Kxf7 31. Qc4+ Rd5 32. Nxd5 Qb1+ 33. Kf2 cxd5 34. Qxd5+ Kf6 35. Qf3+ 1-0